000 00851nam a2200241 a 4500
001 000021880
005 20200930011503.0
008 100914s2005 dr c 000 0 spa d
020 _a9591009755
040 _aDO-SdBNP
_bspa
_cBNPHU
082 _a780.9208
_bA367p
100 1 _aAlemán, Ernesto,
_d1975-
_945413
245 1 0 _aPor quien merece amor /
_cErnesto Alemán, Guillermo Alemán ; edición Nisleidys Flores Carmona.
260 _aLa Habana :
_bLetras Cubanas,
_c2005.
300 _a280 p. :
_bretrs. ;
_c19 cm.
500 _aIncluye índice alfabético de canciones.
650 4 _aRodríguez, silvio,
_d1946-
_xEntrevistas
_945414
650 4 _aMúsicos cubanos
_xEntrevistas
_945415
650 4 _aCanciones cubanas
_945416
700 1 _aAlemán, Guillermo,
_d1973-
_945417
700 1 _aFlores Carmona, Nisleidys,
_eed.
_92952
049 _aBNPD
999 _c21378
_d21378